Načítá se...

Chemistry and biochemistry of legumes

Podrobná bibliografie
Další autoři: Arora, S. K. (Editor)
Médium: Printed Book
Jazyk:English
LEADER 00323nam a2200097Ia 4500
008 210227s9999||||xx |||||||||||||| ||eng||
245 0 |a Chemistry and biochemistry of legumes 
700 |a Arora, S. K.  |e editor. 
942 |c BK 
999 |c 356366  |d 356366 
952 |0 0  |1 0  |4 0  |7 0  |9 413524  |a BOT  |b BOT  |c ST1  |d 2021-03-01  |l 0  |p BOT4439  |r 2021-03-01  |w 2021-03-01  |y BK